000 00225nam a22000857a 4500
008 160905b xxu||||| |||| 00| 0 eng d
100 _9307
_aGandhi P
245 _aBusiness Studies-XI
260 _aNew Delhi
_bDhanpat publication
_c2011
999 _c2967
_d2967